| 000 | 00983nac a22002411u 4500 | ||
|---|---|---|---|
| 010 | _a 2007310337 | ||
| 020 | _a1560259795 | ||
| 020 | _a9781560259794 | ||
| 035 | _a(OCoLC)ocm84897494 | ||
| 082 | 0 | 0 |
_a355.3540973 _bJEBL |
| 090 |
_c5167 _d5167 |
||
| 100 | _aScahill, Jeremy. | ||
| 245 | 1 | 0 |
_aBlackwater : _bthe rise of the world's most powerful mercenary army / _cJeremy Scahill. |
| 260 |
_aNew York, NY : _bNation Books, _cc2007. |
||
| 300 |
_axxvii, 452 p. ; _c24 cm. |
||
| 504 | _aIncludes bibliographical references (p. 383-438) and index. | ||
| 610 | 2 | 0 | _aBlackwater USA. |
| 650 | 0 |
_aMercenary troops _zUnited States. |
|
| 650 | 0 | _aFallujah, Battle of, Fallūjah, Iraq, 2004. | |
| 856 | 4 | 2 |
_3Publisher description _uhttp://www.loc.gov/catdir/enhancements/fy0714/2007310337-d.html |
| 942 |
_cBB _k355.3540973JEBL |
||
| 999 |
_c5167 _d5167 |
||